The mathematical works of Bernard Bolzano
Saved in:
| Main Author: | |
|---|---|
| Other Authors: | |
| Format: | Book |
| Language: | English German |
| Published: |
Oxford ; New York :
Oxford University Press,
2004.
|
| Subjects: | |
| Tags: |
Add Tag
No Tags, Be the first to tag this record!
|
MARC
| LEADER | 00000cam a2200000 i 4500 | ||
|---|---|---|---|
| 001 | 1/51262 | ||
| 008 | 070808s2004 enk ||| | eng|| | ||
| 020 | |a 0198539304 | ||
| 035 | |l 10089674 | ||
| 040 | |a GR-MyUA |b gre |e AACR2 | ||
| 041 | 1 | |a eng |h ger | |
| 082 | 0 | |a 510 |2 (22) | |
| 100 | 1 | |a Bolzano, Bernard, |d 1781-1848. | |
| 245 | 1 | 4 | |a The mathematical works of Bernard Bolzano / |c [translated and compiled by] Steve Russ. |
| 260 | |a Oxford ; New York : |b Oxford University Press, |c 2004. | ||
| 300 | |a xxx, 698 σ. : |b πιν. εικ. ; |c 24 εκ. | ||
| 500 | |a Translated from the German. | ||
| 504 | |a Περιλαμβάνει βιβλιογραφικές παραπομπές (σ. 679-689) και ευρετήρια. | ||
| 600 | 1 | 0 | |a Bolzano, Bernard, |d 1781-1848. |
| 650 | 0 | 0 | |a Mathematics. |
| 700 | 1 | |a Russ, Steve, |e trl | |
| 852 | |a INST |b SAMOS |e 20070808 |h 510 BOL |p 005300025531 |q 005300025531 |t BK |y 0 | ||
| 901 | |a BIBL3-2007-2 | ||
| 909 | |a Σ |b 136792 | ||
| 922 | |a 3ΕΛΗ |b 200707 |c ΕΠΕΑΕΚ2/ΤΜΗΜΑ ΜΑΘΗΜΑΤΙΚΩΝ |d ΕΛΕΥΘΕΡΟΥΔΑΚΗΣ | ||
| 970 | |a ΣΙΤΖΙΜΗ |b ΓΙΑΣΕΜΗ |z 2007/08/08 | ||